La partida bautismal de "Tirso de Molina" / (Record no. 26392)

MARC details
000 -LEADER
campo de control de longitud fija 00705nam a2200229 i 4500
001 - NÚMERO DE CONTROL
campo de control 26392
003 - IDENTIFICADOR DE NÚMERO DE CONTROL
campo de control ES-MaACL
005 - FECHA Y HORA DE LA ÚLTIMA TRANSACCIÓN
campo de control 20240605062959.0
007 - CAMPO FIJO DE DESCRIPCIÓN FÍSICA--INFORMACIÓN GENERAL
campo de control de longitud fija t|
008 - DATOS DE LONGITUD FIJA--INFORMACIÓN GENERAL
campo de control de longitud fija 030109s1928 sp ||||1| spa d
040 ## - FUENTE DE CATALOGACIÓN
Centro/agencia transcriptor ES-MaACL
080 ## - NÚMERO DE LA CLASIFICACIÓN DECIMAL UNIVERSAL
Número de la Clasificación Decimal Universal 929 Molina, Tirso de
100 1# - ENTRADA PRINCIPAL--NOMBRE DE PERSONA
Nombre de persona Artiles, Jenaro,
Fechas asociadas al nombre 1897-1976
9 (RLIN) 23479
Término indicativo de función/relación Autor
245 13 - MENCIÓN DEL TÍTULO
Título La partida bautismal de "Tirso de Molina" /
Mención de responsabilidad, etc. Jenaro Artiles Rodríguez.
260 ## - PUBLICACIÓN, DISTRIBUCIÓN, ETC.
Lugar de publicación, distribución, etc. Madrid :
Nombre del editor, distribuidor, etc. [s.n.],
Fecha de publicación, distribución, etc. 1928
Fabricante (Imp. Municipal)
300 ## - DESCRIPCIÓN FÍSICA
Extensión 12 páginas ;
Dimensiones 24 cm.
600 1# - PUNTO DE ACCESO ADICIONAL DE MATERIA--NOMBRE DE PERSONA
9 (RLIN) 226522
Nombre de persona Molina, Tirso de,
Fechas asociadas al nombre 1579-1648
852 ## - LOCALIZACIÓN
Ubicación ES-MaACL
Ubicación en estantería Depósito folletos
Número de control de estantería 1726-F-19
942 ## - ELEMENTOS DE ENTRADA SECUNDARIOS (KOHA)
Tipo de ítem Koha Folleto
Suprimir en OPAC No
Holdings
Estatus retirado Estado de pérdida Estado de daño No para préstamo Colección Biblioteca de origen Biblioteca actual Ubicación en estantería Fecha de adquisición Fuente de adquisición Total de préstamos Signatura topográfica completa Código de barras Visto por última vez Precio de reemplazo Tipo de ítem Koha
        Colección de folletos Biblioteca del Ateneo de Madrid Biblioteca del Ateneo de Madrid Depósito folletos 17/01/2008     1726-F-19 1027240 23/02/2023 23/02/2023 Folleto